Équipes Esports #2 - Statistiques

Statistiques générales
  • Ce quiz a été pris 45 fois
  • Le résultat moyen est 13 sur 16
Statistiques - réponses
Par images Réponse % Correct
NAVI
98%
G2
95%
Liquid
95%
Faze
93%
Fnatic
93%
Heretics
93%
KOI
90%
Furia
85%
FUT
83%
Astralis
78%
Giant X
73%
Mongolz
71%
BBL
68%
Spirit
59%
Eternal Fire
51%
Aurora
49%
Aucun quiz correspondant
Distribution des résultats
% des personnes avec chaque résultat
Percentile par nombre de réponses
Votre historique - résultats
Vous n’avez pas pris ce quiz